000 01162nam a2200301Ia 4500
001 ebr10185751
003 CaPaEBR
006 m u
007 cr cn|||||||||
008 070105s2007 ne a sb 001 0 eng d
020 _z0444522042
020 _z9780444522047
040 _aCaPaEBR
_cCaPaEBR
035 _a(OCoLC)162587346
050 1 4 _aTP270
_b.C68 2007eb
245 0 0 _aCounterterrorist detection techniques of explosives
_h[electronic resource] /
_cedited by Jehuda Yinon.
260 _aAmsterdam ;
_aLondon :
_bElsevier,
_c2007.
300 _axiv, 440 p. :
_bill.
504 _aIncludes bibliographical references and index.
533 _aElectronic reproduction.
_bPalo Alto, Calif. :
_cebrary,
_d2009.
_nAvailable via World Wide Web.
_nAccess may be limited to ebrary affiliated libraries.
650 0 _aBombings
_xPrevention.
650 0 _aExplosives
_xDetection.
650 0 _aTerrorism
_xPrevention.
655 7 _aElectronic books.
_2local
700 1 _aYinon, Jehuda.
710 2 _aebrary, Inc.
856 4 0 _uhttp://site.ebrary.com/lib/rucke/Doc?id=10185751
_zAn electronic book accessible through the World Wide Web; click to view
999 _c232485
_d232485